| 000 | 01280cam a22003617a 4500 | ||
|---|---|---|---|
| 003 | CHAP | ||
| 005 | 20220817042540.0 | ||
| 008 | 971013s1973 r 00010 d | ||
| 010 | _a47782 | ||
| 011 | _a48754 | ||
| 035 | _a52900 | ||
| 040 | _cCHAP | ||
| 082 |
_a338.972 _bR4Y |
||
| 100 | 0 | 0 |
_aReynolds, Clark Winton. _997077 |
| 245 | 1 | 3 |
_aLa economía mexicana : _bsu estructura y crecimiento en el siglo XX |
| 260 |
_aMéxico, D. F. : _bFondo de Cultura Económica, _c1973 |
||
| 300 | _a521 p. | ||
| 500 | _ac.4 en bodega | ||
| 590 |
_aBATCH-UPD _b10 _c20130109 _lUCH01 _h2338 |
||
| 590 |
_aBATCH-UPD _b10 _c20130110 _lUCH01 _h1027 |
||
| 590 |
_aBATCH-UPD _b10 _c20130410 _lUCH01 _h0631 |
||
| 590 |
_aBATCH-UPD _b10 _c20130914 _lUCH01 _h1150 |
||
| 590 |
_aCONVERSION _b10 _c20130109 _lUCH01 _h1326 |
||
| 650 | 1 | 4 | _aDesarrollo económico. |
| 650 | 1 | 4 |
_aMéxico _xCondiciones económicas. |
| 650 | 1 | 4 |
_aPolítica económica _zMéxico. _990535 |
| 901 | _aBK | ||
| 942 | _cLIBRO | ||
| 949 |
_a338.972 R4Y _bBC _cBPA _d-117545 _eBPA _fc.5 _h31657 _i52900 _si |
||
| 949 |
_a338.972 R4Y _bBC _cBPA _d-153547 _eBPA _fc.4 _i52900 _si |
||
| 949 |
_a338.972 R4Y _bBC _cLIBRO _d33724000119905 _eLIBRO _fc.2 _h29597 _i52900 _si |
||
| 949 |
_a338.972 R4Y _bBC _cLIBRO _d33724000119913 _eLIBRO _fc.3 _h31655 _i52900 _si |
||
| 999 |
_c47782 _d47782 |
||